000 00717nam a2200241Ia 4500
003 OSt
005 20220930071131.0
006 a|||||r|||| 00| 0
007 ta
008 220926b |||||||| |||| 00| 0 eng d
024 _a8007
037 _cTheses
040 _aCRL
_cCRL
_beng
041 _2eng
_aeng
100 _aTyagi Ashok Kumar
_9528022
110 _aUniversity of Delhi. Faculty of Science. Department of Botany
245 0 _aIn Vitro and in vivo studies on salt tolerance in 11 cultivars of oilseed bassicas
260 _c1993
650 _aBOTANY
700 _aUniversity of Delhi. Faculty of Science. Department of Botany
942 _cDIS
_2CC
999 _c861897
_d861897